Word Ladder: Hogwarts Staff Quiz Stats

 Plays Quiz Updated Sep 14, 2015

Challenge
Share
Tweet
Embed
Score 0/28 Timer 04:00
1 Play Today
Hint 5-Letter Word % Correct
ϟ SEVERUS: Potions Master, DADA Prof, Headmaster ϟϟ SNAPE ϟ
94.3%
2-D structure (e.g. square, circle)SHAPE
88%
Shelter from direct sunlightSHADE
87.7%
ϟ ALASTOR: Defense Against the Dark Arts Prof * ϟϟ MOODY ϟ
80.5%
ϟ ARGUS: Caretaker ϟϟ FILCH ϟ
79.7%
The emergence of a baby from its mother's bodyBIRTH
77.6%
Actor Colin of 'The King's Speech' and 'Love Actually'FIRTH
75.6%
Sean Connery, Pierce Brosnan, and Daniel CraigBONDS
75.4%
Grime or dirtFILTH
75.4%
'To Kill a Mockingbird' lawyer, or a songbirdFINCH
74%
Large farm buildings used for materials or livestockBARNS
73.2%
To grip tightly between the finger and thumbPINCH
72.5%
Fastens something tightlyBINDS
69.9%
Covered in fungal growthMOLDY
68.6%
Hint 5-Letter Word % Correct
Bad boy Simpson and QB Starr of the NFL, e.g.BARTS
68%
People who have completed an academic degreeGRADS
67.7%
A particular level of quality or proficiencyGRADE
66.9%
Shapes or sculptsMOLDS
66.8%
Merchandise or commoditiesGOODS
65.5%
ϟ CUTHBERT: History of Magic Prof (and a ghost!) ϟϟ BINNS ϟ
64.7%
Provokes or eggs onGOADS
64%
Theologian Karl or American author John, e.g.BARTH
63.9%
Lead vocalist Isaac of The FraySLADE
62.7%
An open space in a forestGLADE
62.5%
Goodwife, for short, as used in 'The Crucible'GOODY
60.9%
Frutiger 95 Ultra Black, Liberation Serif, and HeadlineBOLDS
60.9%
Announcement of an impending weddingBANNS
55.6%
ϟ IRMA: Librarian ϟϟ PINCE ϟ
51.1%

Today's Daily Dose

You're not logged in!

Compare scores with friends on all Sporcle quizzes.
Join for Free
OR
Log In

You Might Also Like...

Show Comments

Extras

Top Quizzes Today


Score Distribution

Your Account Isn't Verified!

In order to create a playlist on Sporcle, you need to verify the email address you used during registration. Go to your Sporcle Settings to finish the process.

Report this User

Report this user for behavior that violates our Community Guidelines.

Details: